| 000 | 00358nam a2200133Ia 4500 | ||
|---|---|---|---|
| 008 | 210210b1987 xxu||||| |||| 00| 0 eng d | ||
| 082 | _a338.954 AGRI | ||
| 100 | _aAGRAWAL (A N) and Others. | ||
| 245 | _aIndia: economic information year book 1987-88. | ||
| 260 |
_aND _bNational _c1987 |
||
| 300 | _axviii,283 | ||
| 690 | _aIndian Economics | ||
| 906 | _a040496 | ||
| 999 |
_c90451 _d90451 |
||